000 00721nam a2200253Ia 4500
003 OSt
005 20221007063757.0
006 a|||||r|||| 00| 0
007 ta
008 221006b |||||||| |||| 00| 0 eng d
020 _cRs.40/-
024 _a15,005
037 _cTextual
040 _aFLL
_cFLL
_beng
041 _2eng
_aeng
082 _aX:9588:2qN48, L8
100 _aDutta B. Au.
_9684744
245 0 _aCommentary on the employees' state insurance act
260 _aCalcutta
_bInternational law book centre India
_c1978
300 _a287p
_ccm.
700 _a Ghose A. Au.
_9677041
942 _hX:9588:2qN48, L8
_cTEXL
_2CC
999 _c1132160
_d1132160